Where Jesus lived / (Record no. 111933)
[ view plain ]
| 000 -LEADER | |
|---|---|
| fixed length control field | 00354nam a2200145 a 4500 |
| 001 - CONTROL NUMBER | |
| control field | 0599 |
| 005 - DATE AND TIME OF LATEST TRANSACTION | |
| control field | 20140414131924.0 |
| 008 - FIXED-LENGTH DATA ELEMENTS--GENERAL INFORMATION | |
| fixed length control field | 040201s19uu xx 00 eng d |
| 050 ## - LIBRARY OF CONGRESS CALL NUMBER | |
| Classification number | ER |
| Item number | W56 1977 |
| 100 ## - MAIN ENTRY--PERSONAL NAME | |
| Personal name | Watson, Jane |
| 245 ## - TITLE STATEMENT | |
| Title | Where Jesus lived / |
| Statement of responsibility, etc | Jane Watson. |
| 260 ## - PUBLICATION, DISTRIBUTION, ETC. (IMPRINT) | |
| Place of publication, distribution, etc | U.S.A : |
| Name of publisher, distributor, etc | Golden, |
| Date of publication, distribution, etc | 1977. |
| 300 ## - PHYSICAL DESCRIPTION | |
| Extent | p. ; cm. |
| Withdrawn status | Lost status | Damaged status | Use restrictions | Home library | Current library | Shelving location | Date acquired | Source of acquisition | Total Checkouts | Full call number | Barcode | Date last seen | Price effective from | Koha item type |
|---|---|---|---|---|---|---|---|---|---|---|---|---|---|---|
| Munich Library | Munich Library | Easy Reading Section | 02/01/2004 | ER W56 1977 | M2900 | 04/14/2014 | 04/14/2014 | Books |